[Event "First Saturday 2010 februar IM-A"]
[Site "Budapest"]
[Date "2010.02.13"]
[Round "8"]
[White "Roberts, Paul"]
[Black "Szabo, Bence"]
[Result "0-1"]
[WhiteElo "2206"]
[BlackElo "2261"]
[PlyCount "118"]
[EventDate "2010.02.06"]

1. Nf3 Nf6 2. c4 c5 3. g3 Nc6 4. Bg2 d5 5. cxd5 Nxd5 6. Nc3 Nc7 7. d3 e5 8. O-O
Be7 9. Nd2 Bd7 10. a4 O-O 11. Nc4 f6 12. Be3 b6 13. f4 exf4 14. Bxf4 Ne6 15.
Bd2 Rb8 16. Nd5 Re8 17. Nf4 Nxf4 18. Bxf4 Rc8 19. Re1 Bg4 20. h3 Bh5 21. Be4
Qd7 22. Kh2 Nd4 23. g4 Bf7 24. e3 Nc6 25. Bf5 Be6 26. Bxe6+ Qxe6 27. Qb3 Red8
28. Rad1 Qf7 29. Nd2 Nb4 30. Nc4 Rd7 31. Rd2 Rcd8 32. Red1 Nd5 33. Qb5 Nxf4 34.
exf4 Bd6 35. Nxd6 Rxd6 36. a5 Qe6 37. axb6 axb6 38. f5 Qe5+ 39. Kg2 Kf8 40. b4
Qd5+ 41. Kh2 h5 42. bxc5 hxg4 43. hxg4 Qe5+ 44. Kh1 bxc5 45. Rh2 Qd5+ 46. Kg1
Qd4+ 47. Kh1 Qxg4 48. Rf1 Rxd3 49. Qxc5+ Kg8 50. Qe7 Qc4 51. Rg2 Rh3+ 52. Kg1
Qd4+ 53. Rff2 Qd1+ 54. Rf1 Rh1+ 55. Kxh1 Qxf1+ 56. Kh2 Qf4+ 57. Rg3 Rd2+ 58.
Kh3 Qxf5+ 59. Rg4 Rd3+ 0-1

[Event "First Saturday 2010 februar IM-A"]
[Site "Budapest"]
[Date "2010.02.14"]
[Round "9"]
[White "Lyell, Mark"]
[Black "Roberts, Paul"]
[Result "1/2-1/2"]
[WhiteElo "2224"]
[BlackElo "2206"]
[PlyCount "114"]
[EventDate "2010.02.06"]

1. e4 Nc6 2. Nf3 e5 3. d4 exd4 4. Nxd4 Nf6 5. Nxc6 bxc6 6. e5 Qe7 7. Qe2 Nd5 8.
c4 Nb6 9. Nc3 Qe6 10. Qe4 g6 11. Bf4 Bb4 12. Bd2 O-O 13. O-O-O Rb8 14. Be2 Bxc3
15. Bxc3 Na4 16. Qc2 Nxc3 17. Qxc3 f6 18. f4 fxe5 19. fxe5 Re8 20. c5 Qxe5 21.
Bc4+ Kg7 22. Rhe1 Qxc3+ 23. bxc3 Rf8 24. Re7+ Kh6 25. Rd4 d5 26. cxd6 cxd6 27.
Rh4+ Kg5 28. Rhxh7 Bf5 29. Bb3 a5 30. Rhf7 Rxf7 31. Rxf7 a4 32. Bxa4 Rb1+ 33.
Kd2 Rb2+ 34. Ke3 Rxg2 35. Bxc6 Rxa2 36. Rh7 Rc2 37. Kd4 Rd2+ 38. Kc4 Be6+ 39.
Kb4 Rb2+ 40. Ka4 Ra2+ 41. Kb4 Rb2+ 42. Ka4 Rb3 43. Bd7 Bc4 44. Rh3 Rb7 45. Rg3+
Kf6 46. Bc6 Rb2 47. h4 Be6 48. Be4 Bf5 49. Bxf5 Kxf5 50. Rg5+ Kf6 51. c4 Rh2
52. Rg4 Kf5 53. Rd4 Ke5 54. Rd5+ Ke6 55. Rg5 Rxh4 56. Rxg6+ Kf5 57. Rxd6 Rxc4+
1/2-1/2

[Event "First Saturday 2010 februar IM-A"]
[Site "Budapest"]
[Date "2010.02.14"]
[Round "9"]
[White "Lengyel, Bela"]
[Black "Turzo, Attila"]
[Result "1-0"]
[WhiteElo "2271"]
[BlackElo "2309"]
[PlyCount "95"]
[EventDate "2010.02.06"]

1. e4 c5 2. Nf3 g6 3. d4 cxd4 4. Nxd4 Nc6 5. c4 Nf6 6. Nc3 d6 7. Be2 Nxd4 8.
Qxd4 Bg7 9. Bg5 O-O 10. Qd2 Be6 11. Rc1 Qa5 12. f3 Rfc8 13. b3 a6 14. Na4 Qxd2+
15. Kxd2 Nd7 16. h4 Kf8 17. g4 f5 18. exf5 gxf5 19. gxf5 Bxf5 20. h5 Rab8 21.
Nc3 Nf6 22. h6 Bh8 23. Nd1 e6 24. Ne3 Bg6 25. Ng2 Nd7 26. Nh4 Bf7 27. Bd3 Bg8
28. f4 Nf6 29. f5 exf5 30. Nxf5 d5 31. Rhf1 dxc4 32. bxc4 Rc6 33. c5 b6 34. Nd4
Rxc5 35. Bxf6 Bxf6 36. Rxf6+ Ke7 37. Rxb6 Rxb6 38. Rxc5 Kd7 39. Rg5 Bxa2 40.
Rg7+ Kd6 41. Rxh7 Ke5 42. Ke3 Bb1 43. Rh8 Bxd3 44. Kxd3 Kf6 45. Rg8 Rb7 46. Ke4
Ra7 47. Nc6 Rh7 48. Ne5 1-0

[Event "First Saturday 2010 februar IM-A"]
[Site "Budapest"]
[Date "2010.02.14"]
[Round "9"]
[White "Szalanczy, Emil"]
[Black "Kahn, Evart dr"]
[Result "1-0"]
[WhiteElo "2208"]
[BlackElo "2235"]
[PlyCount "103"]
[EventDate "2010.02.06"]

1. e4 c5 2. Nf3 d6 3. d4 cxd4 4. Nxd4 Nf6 5. Nc3 g6 6. Be3 Bg7 7. f3 O-O 8. Bc4
Nc6 9. Qd2 Ne5 10. Bb3 Bd7 11. h4 h5 12. Bh6 a5 13. Bxg7 Kxg7 14. f4 a4 15.
fxe5 dxe5 16. Bd5 exd4 17. Qxd4 e6 18. O-O Bc6 19. Rad1 Ra6 20. Bxc6 Qxd4+ 21.
Rxd4 bxc6 22. Nxa4 e5 23. Rb4 Rd8 24. Nc5 Rxa2 25. Rb7 Rd6 26. g3 Ra5 27. Nd3
Rd7 28. Rxd7 Nxd7 29. Kf2 Ra4 30. Re1 Rd4 31. b3 c5 32. Ke3 f5 33. exf5 gxf5
34. c3 Rg4 35. Kf2 Kf6 36. Ra1 c4 37. Ra6+ Ke7 38. bxc4 Rxc4 39. Ra7 Ke6 40.
Rxd7 Rxc3 41. Rd8 f4 42. gxf4 e4 43. Ne5 Rh3 44. Re8+ Kf6 45. Rf8+ Kg7 46. Rf7+
Kg8 47. Ra7 Rxh4 48. Ke3 Rh1 49. Kxe4 h4 50. Kf5 h3 51. Ng4 Rb1 52. Ra3 1-0